Phenotypic plasticity functional and conceptual approaches /

Saved in:
書目詳細資料
企業作者: ebrary, Inc
其他作者: DeWitt, Thomas J., Scheiner, Samuel M., 1956-
格式: 電子 電子書
語言:英语
出版: Oxford ; New York : Oxford University Press, 2004.
主題:
在線閱讀:An electronic book accessible through the World Wide Web; click to view
標簽: 添加標簽
沒有標簽, 成為第一個標記此記錄!

MARC

LEADER 00000nam a22000004a 4500
001 0000078834
005 20171002053939.0
006 m u
007 cr cn|||||||||
008 021105s2004 enka sb 001 0 eng
020 |z 0195138961 (cloth : alk. paper) 
035 |a (CaPaEBR)ebr10084801 
035 |a (OCoLC)57137216 
040 |a CaPaEBR  |c CaPaEBR 
050 1 4 |a QH438.5  |b .P48 2004eb 
082 0 4 |a 576.5/3  |2 21 
245 0 0 |a Phenotypic plasticity  |h [electronic resource] :  |b functional and conceptual approaches /  |c edited by Thomas J. DeWitt, Samuel M. Scheiner. 
260 |a Oxford ;  |a New York :  |b Oxford University Press,  |c 2004. 
300 |a xii, 247 p. :  |b ill. 
504 |a Includes bibliographical references (p. 207-244) and index. 
533 |a Electronic reproduction.  |b Palo Alto, Calif. :  |c ebrary,  |d 2013.  |n Available via World Wide Web.  |n Access may be limited to ebrary affiliated libraries. 
650 0 |a Genotype-environment interaction. 
650 0 |a Phenotype. 
655 7 |a Electronic books.  |2 local 
700 1 |a DeWitt, Thomas J. 
700 1 |a Scheiner, Samuel M.,  |d 1956- 
710 2 |a ebrary, Inc. 
856 4 0 |u http://site.ebrary.com/lib/daystar/Doc?id=10084801  |z An electronic book accessible through the World Wide Web; click to view 
908 |a 170314 
942 0 0 |c EB 
999 |c 67992  |d 67992